LEADER 02172nam a2200421 a 4500 001 000000034508 003 CaOOAMICUS 005 20100707173729.0 008 980119s1997 be ad u000 u lat r 020 $a2503045219 (hbk.) 020 $a2503045227 (pbk.) 035 $a10780538 040 $aIPA$bita$dBAV$dPUL(R)$delep 041 0 $alat$acat$aeng 100 0 $aGuillaume de Conches,$d1080-c. 1150.$0(OLS)http://pul/name/9794 240 10$aDragmaticon philosophiae.$lLatino.$0(OLS)http://pul/title/47493 245 10$aGuillelmi de Conchis Dragmaticon philosophiae /$ccura et studio I. Ronca ; Summa de philosophia in vulgari / cura et studio L. Badia, J. Pujol. 260 $aTurnholti :$bBrepols,$c1997. 300 $alxxxviii, 531 p. :$bill., diagr. ;$c25 cm +$e1 c. di sigle 490 0 $aGuillelmi de Conchis opera omnia ;$v1 490 1 $aCorpus Christianorum.$aContinuatio Mediaevalis ;$v152 500 $aComprende indici. 500 $aContiene una traduzione dell'opera in lingua catalana: "Summa de philosophia in vulgari". 546 $aTesto in latino, introduzione in inglese. Traduzione in catalano dell'opera. 700 1 $aRonca, Italo.$0(OLS)http://pul/name/9571 700 1 $aBadia, Lola.$0(OLS)http://pul/name/26571 700 1 $aPujol, J.$0(OLS)http://pul/name/26572 800 0 $aGuillaume de Conches,$d1080-c. 1150.$tOpera omnia ;$v1.$0(OLS)http://pul/nameTitle/1319$0(OLS)http://pul/name/9794$0(OLS)http://pul/title/2415 830 0$aCorpus Christianorum.$pContinuatio Mediaevalis ;$v152.$0(OLS)http://pul/title/6 850 $aPUL 852 $aPUL$W1$xSL Cons. Gen., Altre Classi 1$y1$m2008 B 1.152$j140617$nBK-PRI$qStampati$B47256$CPULBib$Z2$F47256 $H77743 $82 900 $aGuglielmo di Conches,$d1080-c. 1150$99794 900 $aGuglielmo di Conches,$d1080-c. 1150$99794 941 1 $a8 996 $6020$a2503045219 (hbk.)$9(OLS)http://pul/number/43311 996 $6020$a2503045227 (pbk.)$9(OLS)http://pul/number/43312 996 $6245$aGuillelmi de Conchis Dragmaticon philosophiae$9(OLS)http://pul/title/47494 996 $6260$aTurnholti :$bBrepols$9(OLS)http://pul/publisher/47842 LEADER 01132nam a2200241 u 4500 001 000000053166 003 CaOOAMICUS 005 20070226115530.0 008 001109s1954 it u000 u ita u 035 $a10860679 040 $aPUL(R)$bita 100 1 $aRoschini, Gabriele Maria,$cO.S.M.,$d1900-1977.$0(OLS)http://pul/name/546 245 13$aLe lodi della Vergine :$bcommmento storico, teologico, ascetico alle litanie lauretane /$cP. Gabriele M. Roschini, OSM. 260 $aRovigo :$bIstituto Padano di Arti Grafiche,$c1954. 300 $a297 p. ;$c24 cm 600 04$aMaria Virgo,$cs.$xPreghiere.$0(OLS)http://pul/subject/22006 650 4$aLitanie Lauretane.$0(OLS)http://pul/subject/22007 850 $aPUL 852 $aPUL$W1$xDP1 Fondo Venturi$y52$m1551 A 4$j70186$nBK-PRI$b $qFondi$B70186$CPULBib$Z2$F70186 $H $81 941 1 $a1 961 $aINV: Fondo Venturi 996 $6245$aLe lodi della Vergine :$bcommmento storico, teologico, ascetico alle litanie lauretane$9(OLS)http://pul/title/71307 996 $6260$aRovigo :$bIstituto Padano di Arti Grafiche$9(OLS)http://pul/publisher/55193